El sistema financiero ante la inflación y la emergencia económica / (Registro nro. 11955)

Detalles MARC
000 -LEADER
fixed length control field 02029nam a2200241Ia 4500
003 - CONTROL NUMBER IDENTIFIER
control field OSt
005 - DATE AND TIME OF LATEST TRANSACTION
control field 20210716140346.0
008 - FIXED-LENGTH DATA ELEMENTS--GENERAL INFORMATION
fixed length control field 130821s1974 ck gr spa
040 ## - CATALOGING SOURCE
Original cataloging agency Co-BoUCM
Language of cataloging spa
Transcribing agency CO-JMCR
041 0# - LANGUAGE CODE
Language code of text/sound track or separate title spa
082 04 - DEWEY DECIMAL CLASSIFICATION NUMBER
Classification number 332.41 /
Item number A837s
Edition number 23
111 ## - MAIN ENTRY--MEETING NAME
Meeting name or jurisdiction name as entry element Memoria de la XII Convención Bancaria Nacional y V de Instituciones financieras
Date of meeting or treaty signing (1974 :
Location of meeting Medellín, Colombia)
9 (RLIN) 38530
245 13 - TITLE STATEMENT
Title El sistema financiero ante la inflación y la emergencia económica /
Statement of responsibility, etc. XII Convención Bancaria Nacional ; Asociación Bancaria de Colombia.
260 ## - PUBLICATION, DISTRIBUTION, ETC.
Place of publication, distribution, etc. [Bogotá, Colombia] :
Name of publisher, distributor, etc. Asociación Bancaria de Colombia,
Date of publication, distribution, etc. 1974.
300 ## - PHYSICAL DESCRIPTION
Extent 198 páginas ;
Dimensions 24 cm.
500 ## - GENERAL NOTE
General note Anexos al final del volumen, y notas a pie de página.
505 0# - FORMATTED CONTENTS NOTE
Title Actualidad y Perspectiva de la Economía Nacional. /
Statement of responsibility Jorge Mejía Palacio. --
Title Inflación y Desarrollo. / <br/><br/>
Statement of responsibility Jorge Mejía Salazar. --
Title El nuevo Plan de Desarrollo. /
Statement of responsibility Jorge Ramírez Ocampo. --
Title El Mercado de Capitales en Colombia. /
Statement of responsibility Hernando Gómez Otálora. --
Title La Reforma Tributaria y el Sistema Bancario. -- <br/><br/>
-- El Comercio Internacional y su Financiación. --
-- El Crédito de Fomento y la Banca Comercial. /
Statement of responsibility Antonio J. Urdinola. --
Title La Bolsa frente a la Reforma Tributaria. / <br/><br/>
Statement of responsibility Oscar Uribe Londoño. --
Title La Banca responde a los problemas de almacenamiento (1). /
Statement of responsibility Adán Correa Acevedo. --
Title Presente y futuro de las Corporaciones Financieras. /
Statement of responsibility Álvaro Jaramillo Vengoechea. --
Title Reformas al Fondo Financiero Agropecuario. -- <br/>
-- El Ahorro y la Fiducia a través de la Banca. --
-- Los recursos humanos en la Banca. /
Statement of responsibility Francisco Gómez Cano. --
Title El control oficial de la Banca. /
Statement of responsibility Ramón Eduardo Madriñán. --
Title Antioquia y la Economía Nacional. /
Statement of responsibility Hugo Salazar. --
Title La Situación Monetaria Internacional. /
Statement of responsibility Profesor F. Aschinger. --
650 14 - SUBJECT ADDED ENTRY--TOPICAL TERM
Topical term or geographic name entry element Economía
9 (RLIN) 174
650 24 - SUBJECT ADDED ENTRY--TOPICAL TERM
Topical term or geographic name entry element Inflación
Geographic subdivision Colombia
9 (RLIN) 17570
651 #2 - SUBJECT ADDED ENTRY--GEOGRAPHIC NAME
Geographic name Colombia
General subdivision Política económica
9 (RLIN) 26606
710 2# - ADDED ENTRY--CORPORATE NAME
Corporate name or jurisdiction name as entry element Asociación Bancaria de Colombia.
9 (RLIN) 8022
942 ## - ADDED ENTRY ELEMENTS (KOHA)
Koha item type Books
Source of classification or shelving scheme Dewey Decimal Classification
Existencias
Withdrawn status Lost status Source of classification or shelving scheme Damaged status Not for loan Home library Current library Shelving location Date acquired Source of acquisition Total Checkouts Full call number Barcode Date last seen Date last checked out Copy number Price effective from Koha item type
    Dewey Decimal Classification     Biblioteca Pública José María del Castillo y Rada Biblioteca Pública José María del Castillo y Rada General Stacks 04/15/2018 Donación 1 332.41 / A837s 430003145 06/04/2024 06/04/2024 Ej.1 03/10/2021 Books